000 00509nam a2200181Ia 4500
003 OSt
005 20200724121843.0
008 190216s9999||||xx |||||||||||||| ||und||
020 _a0070995583
040 _coclc
082 _a515.7
_bRUD/F
100 _aRudin, Walter
_93732
245 0 _aFunctional Analysis /
_cWalter Rudin
260 _bTata Mcgrawhill Publishers,
_c1974.
_aNew Delhi:
300 _a397p
650 _aMathematics
942 _cBK
_2ddc
_h515.7
_iRUD/F
_k515.7
_mRUD/F
999 _c31235
_d31235